| 000 | 00452nam a22001817a 4500 | ||
|---|---|---|---|
| 003 | MPLRDC | ||
| 005 | 20220104193549.0 | ||
| 008 | 210129b ||||| |||| 00| 0 eng d | ||
| 020 | _a978-988-8236-43-5 | ||
| 082 | _a177 GS | ||
| 100 | _a公隋 | ||
| 245 |
_a为甚么好人总吃亏 为甚么坏人常得逞 _c |
||
| 250 | _a初版 | ||
| 260 |
_a香港 _b非凡出版 _c2013 |
||
| 300 | _b平 | ||
| 650 | _a应用心理学 | ||
| 942 |
_cBK _o177 GS |
||
| 999 |
_c65257 _d65247 |
||